| 000 | 00644nam a22001937a 4500 | ||
|---|---|---|---|
| 999 |
_c17179 _d17179 |
||
| 003 | AR-CdUCM | ||
| 008 | 190507b ||||| |||| 00| 0 spa d | ||
| 040 |
_aMUNICIPALIDAD PROVINCIAL DEL CUSCO _cBIBLIOTECA MUNICIPAL DEL CUSCO |
||
| 082 |
_a869.56 / _bB65 |
||
| 100 |
_aBlume, Ricardo _937045 |
||
| 245 |
_aComo cada jueves : _bArtículos periodísticos / |
||
| 260 |
_aLima : _bOccidental Petroleum of Perú, _bUniversidad del Pacífico, _c1577. |
||
| 300 |
_a217 paginas ; _c20 cm. |
||
| 505 | _aContenido :Ensayos / | ||
| 650 |
_aEnsayos periodísticos _91178 |
||
| 650 |
_aPerú _935 |
||
| 942 |
_2ddc _cLIBROS |
||
| 945 |
_arjall _d2019-05-07 |
||